<?xml version="1.0" encoding="UTF-8"?>
<record
    xmlns:xsi="http://www.w3.org/2001/XMLSchema-instance"
    xsi:schemaLocation="http://www.loc.gov/MARC21/slim http://www.loc.gov/standards/marcxml/schema/MARC21slim.xsd"
    xmlns="http://www.loc.gov/MARC21/slim">

  <leader>00842nam a22002297a 4500</leader>
  <controlfield tag="005">20170511112439.0</controlfield>
  <datafield tag="010" ind1=" " ind2=" ">
    <subfield code="a">ENG-116901</subfield>
  </datafield>
  <datafield tag="020" ind1=" " ind2=" ">
    <subfield code="a">9789332547070</subfield>
    <subfield code="c">525.00</subfield>
  </datafield>
  <datafield tag="035" ind1=" " ind2=" ">
    <subfield code="a">EN-100433</subfield>
  </datafield>
  <datafield tag="035" ind1=" " ind2=" ">
    <subfield code="a">B-665162</subfield>
  </datafield>
  <datafield tag="037" ind1=" " ind2=" ">
    <subfield code="b">DBAD/PUB</subfield>
  </datafield>
  <datafield tag="082" ind1=" " ind2=" ">
    <subfield code="a">480.00</subfield>
  </datafield>
  <datafield tag="100" ind1=" " ind2=" ">
    <subfield code="a">Thorpe, Edgar </subfield>
  </datafield>
  <datafield tag="245" ind1=" " ind2=" ">
    <subfield code="a">Objective english /</subfield>
    <subfield code="c">by Edgar Thorpe [and] Showick Thorpe</subfield>
    <subfield code="b">for competitve examinations / </subfield>
  </datafield>
  <datafield tag="250" ind1=" " ind2=" ">
    <subfield code="a">6th ed.</subfield>
  </datafield>
  <datafield tag="260" ind1=" " ind2=" ">
    <subfield code="a">Noida </subfield>
    <subfield code="b">Pearson </subfield>
    <subfield code="c">2017</subfield>
  </datafield>
  <datafield tag="270" ind1=" " ind2=" ">
    <subfield code="a">A-8(A), 7th Floor, Knowledge Boulevard, Sector-62,</subfield>
    <subfield code="b">Noida </subfield>
    <subfield code="e">201309</subfield>
  </datafield>
  <datafield tag="300" ind1=" " ind2=" ">
    <subfield code="a">Various Pagings </subfield>
    <subfield code="c">25cm(pbk)</subfield>
  </datafield>
  <datafield tag="700" ind1=" " ind2=" ">
    <subfield code="a">Thorpe,Showick</subfield>
  </datafield>
  <datafield tag="942" ind1=" " ind2=" ">
    <subfield code="2">ddc</subfield>
    <subfield code="c">EN</subfield>
    <subfield code="m">THO</subfield>
    <subfield code="h">480</subfield>
  </datafield>
  <datafield tag="999" ind1=" " ind2=" ">
    <subfield code="c">105453</subfield>
    <subfield code="d">105453</subfield>
  </datafield>
  <datafield tag="952" ind1=" " ind2=" ">
    <subfield code="0">0</subfield>
    <subfield code="1">0</subfield>
    <subfield code="4">0</subfield>
    <subfield code="7">1</subfield>
    <subfield code="8">NFIC</subfield>
    <subfield code="a">DBAD</subfield>
    <subfield code="b">DBAD</subfield>
    <subfield code="d">2016-12-22</subfield>
    <subfield code="e">DBAD/PUB</subfield>
    <subfield code="g">525.00</subfield>
    <subfield code="l">0</subfield>
    <subfield code="o">480 THO</subfield>
    <subfield code="p">EN-100433</subfield>
    <subfield code="r">2016-12-22 00:00:00</subfield>
    <subfield code="t">1</subfield>
    <subfield code="v">525.00</subfield>
    <subfield code="w">2016-12-22</subfield>
    <subfield code="y">EN</subfield>
  </datafield>
  <datafield tag="952" ind1=" " ind2=" ">
    <subfield code="0">0</subfield>
    <subfield code="1">0</subfield>
    <subfield code="4">0</subfield>
    <subfield code="7">0</subfield>
    <subfield code="8">NFIC</subfield>
    <subfield code="a">AV</subfield>
    <subfield code="b">AV</subfield>
    <subfield code="d">2017-05-11</subfield>
    <subfield code="e">BPPD/EN/2016-17/AV/16-17/452/15.2.2017/5058/28.2.2017/ 7.3.2017</subfield>
    <subfield code="g">525.00</subfield>
    <subfield code="l">32</subfield>
    <subfield code="m">9</subfield>
    <subfield code="o">480 THO</subfield>
    <subfield code="p">B-665162</subfield>
    <subfield code="q">2026-07-14</subfield>
    <subfield code="r">2026-06-17 10:57:34</subfield>
    <subfield code="s">2026-06-17</subfield>
    <subfield code="t">1</subfield>
    <subfield code="v">525.00</subfield>
    <subfield code="w">2017-05-11</subfield>
    <subfield code="y">EN</subfield>
  </datafield>
</record>
